000 00491nam a22001697a 4500
003 OSt
005 20260428032826.0
008 260428b |||||||| |||| 00| 0 eng d
020 _a9780061714238
040 _aDWCL Main Lib.
_cOC
082 _aF F828e 2015
100 _aFrank, Rina
245 _aEvery house needs a balcony :
_bnovel /
_cRina Frank
260 _aNew York :
_bHarper Collins Publisher,
_cc2015.
300 _a327 pages :
_billustrations ;
_c22cm.
942 _2ddc
_cFIC.
_n0
999 _c10002
_d10002